La gota de lluvia / (Record no. 29615)

MARC details
000 -LEADER
fixed length control field 01506cam a2200373Ia 4500
001 - CONTROL NUMBER
control field 144520645
003 - CONTROL NUMBER IDENTIFIER
control field OCoLC
005 - DATE AND TIME OF LATEST TRANSACTION
control field 20240502205056.0
008 - FIXED-LENGTH DATA ELEMENTS--GENERAL INFORMATION
fixed length control field 060826s2006 sp a j 000 1 spa d
020 ## - INTERNATIONAL STANDARD BOOK NUMBER
International Standard Book Number 9788421692639
Qualifying information (pbk.)
020 ## - INTERNATIONAL STANDARD BOOK NUMBER
International Standard Book Number 8421692631
Qualifying information (pbk.)
040 ## - CATALOGING SOURCE
Original cataloging agency BTCTA
Language of cataloging eng
Transcribing agency BTCTA
Modifying agency BAKER
-- LPU
-- SAP
-- OCL
-- OCLCF
-- OCLCO
-- OCLCQ
-- OCLCO
-- OCLCA
-- CGL
082 04 - DEWEY DECIMAL CLASSIFICATION NUMBER
Classification number FIC
Item number GOMEZ CERDA
100 1# - MAIN ENTRY--PERSONAL NAME
Personal name Gomez Cerda, Alfredo.
245 13 - TITLE STATEMENT
Title La gota de lluvia /
Statement of responsibility, etc. Alfredo Gomez Cerda ; ilustracion, Victor Moreno ; taller de lectura, Ana Fabregat.
250 ## - EDITION STATEMENT
Edition statement 14. ed.
260 ## - PUBLICATION, DISTRIBUTION, ETC. (IMPRINT)
Place of publication, distribution, etc. Madrid :
Name of publisher, distributor, etc. Bruno,
Date of publication, distribution, etc. 2006.
300 ## - PHYSICAL DESCRIPTION
Extent 57 pages :
Other physical details color illustrations ;
Dimensions 20 cm.
336 ## - CONTENT TYPE
Content type term text
Content type code txt
Source rdacontent.
337 ## - MEDIA TYPE
Media type term unmediated
Media type code n
Source rdamedia.
338 ## - CARRIER TYPE
Carrier type term volume
Carrier type code nc
Source rdacarrier.
490 1# - SERIES STATEMENT
Series statement Alta mar. Cuentos ;
Volume/sequential designation 65.
520 ## - SUMMARY, ETC.
Summary, etc. Este libro ilustrado para ni©łos cuenta las aventuras de cuatro gotas de lluvia que caen a la Tierra.
520 ## - SUMMARY, ETC.
Summary, etc. This illustrated book for children tells about the adventures of 4 drops of rain that fall to Earth.
521 ## - TARGET AUDIENCE NOTE
Target audience note "A partir de 6 a©łos"--Page [4] of cover. = 6 years old and up.
586 ## - AWARDS NOTE
Awards note Lista de honor, Premio CCEI, 1994.
650 #0 - SUBJECT ADDED ENTRY--TOPICAL TERM
Topical term or geographic name as entry element Raindrops
Form subdivision Juvenile fiction.
650 #0 - SUBJECT ADDED ENTRY--TOPICAL TERM
Topical term or geographic name as entry element Rain and rainfall
Form subdivision Juvenile fiction.
650 #7 - SUBJECT ADDED ENTRY--TOPICAL TERM
Topical term or geographic name as entry element Lluvia
Form subdivision Novela infantil.
Source of heading or term bidex.
655 #0 - INDEX TERM--GENRE/FORM
Genre/form data or focus term Children's stories, Spanish.
700 1# - ADDED ENTRY--PERSONAL NAME
Personal name Moreno, Victor,
Relator term illustrator.
830 #0 - SERIES ADDED ENTRY--UNIFORM TITLE
Uniform title Alta mar (Madrid, Spain).
Name of part/section of a work Cuentos ;
Volume number/sequential designation 65.
942 ## - ADDED ENTRY ELEMENTS (KOHA)
Koha item type Libro/Book
Holdings
Withdrawn status Lost status Damaged status Not for loan Home library Current library Date acquired Inventory number Total Checkouts Full call number Barcode Date last seen Date checked out Price effective from Koha item type
        San Juan Del Sur -- Mobile San Juan Del Sur -- Mobile 29/04/2024 Inventory date: 10-2-25 2 JI 33005027 10/07/2024 10/07/2024 29/04/2024 Libro/Book

Powered by Koha